| 000 | 01491nam a22003257a 4500 | ||
|---|---|---|---|
| 005 | 20260421105011.0 | ||
| 008 | 260421s1995 ua a|||frm||| 000 0 eng d | ||
| 040 |
_aEG-GICUC _beng _cEG-GICUC _dEG-GICUC _erda |
||
| 041 | 0 |
_aeng _beng _bara |
|
| 049 | _aDeposit | ||
| 097 | _aM.Sc | ||
| 099 | _aCai01. | ||
| 100 | 0 |
_aHanan Ahmed Tag EL-Den, _epreparation. |
|
| 245 | 1 | 0 |
_aEffects Of Calcium Agonists And Antagonists On Some Hormonal Controlling Reproduction In Male Chicken / _cBy Hanan Ahmed Tag EL-Den; Under Supervision Of Prof. Dr. Sohair Youssef Saleh, Prof. Dr.Afaf Mohamad Azoz, Dr. Nour Boctor Bishara. |
| 246 | 1 | 5 | _aتأثيرات معضدات ومضادات الكالسيوم على مستوى بعض الهرمونات المنظمة للتناسل في ذكور الكتاكيت / |
| 264 | 0 | _c1995. | |
| 300 |
_a133 pages : _billustrations ; _c30 cm. + |
||
| 336 |
_2rda content _atext |
||
| 337 |
_2rdamedia _aUnmediated |
||
| 338 |
_2rdacarrier _avolume |
||
| 502 | _aThesis (M.Sc.) -Cairo University, 1995. | ||
| 504 | _aBibliography: pages 114-133. | ||
| 653 | 0 | _aPhysiology | |
| 700 | 0 |
_aSohair Youssef Saleh _ethesis advisor. |
|
| 700 | 0 |
_aAfaf Mohamad Azoz _ethesis advisor. |
|
| 700 | 0 |
_aNour Boctor Bishara _ethesis advisor. |
|
| 900 |
_DDepartment of Physiology _FFaculty of Veterinary Medicine _UCairo University _b1995 _cSohair Youssef Saleh _cAfaf Mohamad Azoz _cNour Boctor Bishara |
||
| 905 | _aEman El gebaly | ||
| 942 |
_2ddc _cTH _e21 _n0 |
||
| 999 | _c179642 | ||